000 00861nas a2200301Ia 4500
001 17
003 CO-MdFUSB
005 20170301160227.0
008 151030s9999 xxu 000 0 e d
022 _a0742-1524
037 _bWorld Vision
040 _aCO-MdFUSB
_bspa
_cCO-MdFUSB
_dCO-MdFUSB
_erda
041 0 _aeng
_heng
245 1 0 _aGlobal Future
_ba world vision journal of human development
_cWorld Vision
260 _aCalifornia
264 _aCalifornia, Estados Unidos de América :
_bWorld Vision
300 _aNúmero 1 - 4
310 _aNo aplica
_b2000
336 _2rdacontent
_a1
_ba1
337 _2rdamedia
_a2
_b5
338 _a2
362 _a2000 - 2001
546 _aTexto en inglés
650 _vPublicaciones seriadas
773 _dCalifornia, Estados Unidos: Global Vision, 2000
810 _hRevista
942 _cCR
_2ddc
_a3
999 _c49464
_d49464